| Tag |
First Indicator |
Second Indicator |
Subfields |
| LEADER |
00000cam a2200000 a 4500 |
| 001 |
in00000631821 |
| 005 |
20151015054921.0 |
| 008 |
801229s1980 nyuab b 00110 eng d |
| 010 |
|
|
|a 80040318
|
| 020 |
|
|
|a 0470269901
|
| 035 |
|
|
|a (OCoLC)07036727
|
| 035 |
|
|
|9 ACU9762AM
|
| 040 |
|
|
|a LNU
|c LNU
|d TXA
|d UtOrBLW
|
| 043 |
|
|
|a e------
|
| 049 |
|
|
|a TXAM
|c [1271812]
|
| 090 |
|
|
|a QE260
|b .A37 1980a
|
| 100 |
1 |
|
|a Ager, D. V.
|q (Derek Victor)
|
| 245 |
1 |
4 |
|a The geology of Europe /
|c Derek V. Ager.
|
| 264 |
|
1 |
|a New York :
|b Wiley,
|c [1980]
|
| 264 |
|
4 |
|c ©1980
|
| 300 |
|
|
|a xix, 535 pages :
|b illustrations, maps ;
|c 25 cm.
|
| 336 |
|
|
|a text
|b txt
|2 rdacontent
|
| 337 |
|
|
|a unmediated
|b n
|2 rdamedia
|
| 338 |
|
|
|a volume
|b nc
|2 rdacarrier
|
| 500 |
|
|
|a "A Halsted press book."
|
| 504 |
|
|
|a Includes bibliographical references and index.
|
| 650 |
|
0 |
|a Geology
|z Europe.
|
| 999 |
|
|
|a MARS
|
| 999 |
f |
f |
|s 7be7b021-7375-332d-b811-36d7e5123004
|i d62d11c7-b9eb-3b57-8f76-242bcc9664dd
|t 0
|
| 952 |
f |
f |
|p ric
|a Texas A&M University
|b Rellis Campus
|c Joint Library Facility
|s JLF
|d Remote Storage
|t 0
|e QE260 .A37 1980a
|h Library of Congress classification
|i unmediated -- volume
|m A14804781053
|
| 998 |
f |
f |
|a QE260 .A37 1980a
|t 0
|l Remote Storage
|